ბათუმის შოთა რუსთაველის სახელმწიფო უნივერსიტეტის ბიბლიოთეკა

Клиническая медицина.Том 92. №5 2014. (ბიბ.ჩანაწერი № 43894)

000 -LEADER
fixed length control field 00654nam a2200205Ia 4500
001 - CONTROL NUMBER
control field 10643
003 - CONTROL NUMBER IDENTIFIER
control field GE_BSU
008 - FIXED-LENGTH DATA ELEMENTS--GENERAL INFORMATION
fixed length control field 181216s||||||||xx |||||||||||||| ||und||
040 ## - CATALOGING SOURCE
Transcribing agency GE_BSU
245 ## - TITLE STATEMENT
Title Клиническая медицина.Том 92. №5 2014.
245 ## - TITLE STATEMENT
Remainder of title научно-практический журнал.
245 ## - TITLE STATEMENT
Statement of responsibility, etc. Гл. ред. В.Б.Симоненко.
260 ## - PUBLICATION, DISTRIBUTION, ETC.
Place of publication, distribution, etc. Москва
260 ## - PUBLICATION, DISTRIBUTION, ETC.
Name of publisher, distributor, etc. Подольская Периодика.
260 ## - PUBLICATION, DISTRIBUTION, ETC.
Date of publication, distribution, etc. 2014.
300 ## - PHYSICAL DESCRIPTION
Extent 80стр.29см.
653 ## - INDEX TERM--UNCONTROLLED
Uncontrolled term Клиническая медицина
653 ## - INDEX TERM--UNCONTROLLED
Uncontrolled term научно-практический журнал.
942 ## - ADDED ENTRY ELEMENTS (KOHA)
Koha item type პერიოდიკა
ეგზემპლარები
Withdrawn status Lost status Damaged status Not for loan Date acquired Barcode Date last seen Price effective from Koha item type
        2018-12-17 p76347 2018-12-17 2018-12-17 პერიოდიკა